Un édifice inachevé du quartier royal à Alexandrie : étude suivie de un fragment de corniche peinte hellénistique à Alexandrie /

محفوظ في:

المؤلف الرئيسي: Fragaki, Hélène (مؤلف)

مؤلفون آخرون: Guimier-Sorbets, Anne-Marie.

التنسيق: كتاب

اللغة: French

منشور في: Alexandrie : Centre d'études alexandrines, 2013.

سلاسل: Etudes Alexandrines ; 31.
EtAlex ; 31.

الموضوعات:

الوسوم: إضافة وسم

لا توجد وسوم, كن أول من يضع وسما على هذه التسجيلة!

رقم الطلب: DT73 .A4 E88 v.31

LEADER 01051nam a22002897a 4500
003 OSt
005 20251207074208.0
008 251207t2013 ua a g 000 0 fre d
010 |a 2015360582 
020 |a 9782111298514 
040 |c ARCE Library 
043 |a f-ua--- 
050 1 4 |a DT73 .A4  |b E88 v.31 
100 1 |a Fragaki, Hélène,   |e author  |9 30207 
245 1 3 |a Un édifice inachevé du quartier royal à Alexandrie :   |b étude suivie de un fragment de corniche peinte hellénistique à Alexandrie /   |c par Hélène Fragaki et Anne-Marie Guimier-Sorbets. 
264 1 |a Alexandrie :   |b Centre d'études alexandrines,   |c 2013. 
300 |a 149 pages :   |b illustrations (some color) ;   |c 29 cm. 
490 1 |a Etudes Alexandrines ;   |v 31. 
490 1 |a EtAlex ;   |v 31. 
650 0 |a Architecture, Greek  |z Egypt  |z Alexandria 
651 0 |a Alexandria (Egypt)  |x Antiquities. 
700 1 |a Guimier-Sorbets, Anne-Marie.  |9 31226 
830 0 |a Etudes Alexandrines ;   |v 31. 
830 0 |a EtAlex ;   |v 31. 
901 |a reviewed 
942 |c BK  |2 lcc 
999 |c 27860  |d 27860